Normal view MARC view
  • Srivastava, Amit

Entry Personal Name

Number of records used in: 1

001 - CONTROL NUMBER

  • control field: 37520

003 - CONTROL NUMBER IDENTIFIER

  • control field: OSt

005 - DATE AND TIME OF LATEST TRANSACTION

  • control field: 20150428110037.0

008 - FIXED-LENGTH DATA ELEMENTS

  • fixed length control field: 150329|| aca||aabn | a|a d

040 ## - CATALOGING SOURCE

  • Original cataloging agency: OSt

100 1# - HEADING--PERSONAL NAME

  • Personal name: Srivastava, Amit
  • Titles and other words associated with a name: (Architect)

400 1# - SEE FROM TRACING--PERSONAL NAME

  • Personal name: Srivastra, Amit,
  • Titles and other words associated with a name: M.B.A.